| Tag |
First Indicator |
Second Indicator |
Subfields |
| LEADER |
00000cam a2200000 a 4500 |
| 001 |
in00000035034 |
| 005 |
20151007055246.0 |
| 008 |
870619s1987 mnu b s00110 eng |
| 010 |
|
|
|a 87016595
|
| 020 |
|
|
|a 0816616477 :
|c $35.00
|
| 020 |
|
|
|a 0816616485 (pbk.) :
|c $14.95
|
| 035 |
|
|
|a (OCoLC)16277356
|
| 035 |
|
|
|9 AAB7715AM
|
| 040 |
|
|
|a DLC
|c DLC
|d TXA
|d UtOrBLW
|
| 049 |
|
|
|a TXAM
|
| 050 |
0 |
0 |
|a JC265.G68
|b S27 1987
|
| 082 |
0 |
|
|a 320.5/32
|2 19
|
| 100 |
1 |
|
|a Sassoon, Anne Showstack.
|
| 245 |
1 |
0 |
|a Gramsci's politics /
|c Anne Showstack Sassoon.
|
| 250 |
|
|
|a 2nd ed.
|
| 264 |
|
1 |
|a Minneapolis :
|b University of Minnesota Press,
|c [1987]
|
| 264 |
|
4 |
|c ©1987
|
| 300 |
|
|
|a xxi, 297 pages ;
|c 23 cm.
|
| 336 |
|
|
|a text
|b txt
|2 rdacontent
|
| 337 |
|
|
|a unmediated
|b n
|2 rdamedia
|
| 338 |
|
|
|a volume
|b nc
|2 rdacarrier
|
| 504 |
|
|
|a Includes bibliographical references (pages [285]-292) and index.
|
| 536 |
|
|
|a From the library of Dr. James H. Copp, February 2004.
|
| 600 |
1 |
0 |
|a Gramsci, Antonio,
|d 1891-1937
|x Contributions in political science.
|
| 650 |
|
0 |
|a Communism
|x History
|y 20th century.
|
| 999 |
|
|
|a MARS
|
| 999 |
f |
f |
|s 6e9db3bd-a207-3350-a9a0-dee891d42c10
|i 18a745bc-900a-3152-91c8-e8ae58def745
|t 0
|
| 952 |
f |
f |
|p normal
|a Texas A&M University
|b College Station
|c Sterling C. Evans Library
|d Evans: Library Stacks
|t 0
|e JC265.G68 S27 1987
|h Library of Congress classification
|i unmediated -- volume
|m A14831963199
|
| 952 |
f |
f |
|p ric
|a Texas A&M University
|b Rellis Campus
|c Joint Library Facility
|d Remote Storage
|t 0
|e JC265.G68 S27 1987
|h Library of Congress classification
|i unmediated -- volume
|m A14811506040
|
| 998 |
f |
f |
|a JC265.G68 S27 1987
|t 0
|l Evans: Library Stacks
|
| 998 |
f |
f |
|a JC265.G68 S27 1987
|t 0
|l Remote Storage
|